|
|
|
|
| LEADER |
00694nam a22001931 4500 |
| 001 |
c000196117 |
| 003 |
CARM |
| 005 |
20021125001700.0 |
| 008 |
851003s1970 ag 1 spa d |
| 019 |
1 |
|
|a 3974969
|5 LACONCORD2021
|
| 035 |
|
|
|a (OCoLC)191167
|5 LACONCORD2021
|
| 100 |
1 |
|
|a Marechal, Leopoldo,
|d 1900-1970.
|
| 245 |
1 |
0 |
|a Adan Buenosayres :
|b novela.
|
| 260 |
|
|
|a Buenos Aires :
|b Ed. Sudamericana,
|c 1970.
|
| 440 |
|
0 |
|a Coleccion Piragua
|
| 852 |
8 |
|
|b CARM
|h A2:AL01A0
|i A03128
|p 0287016
|f BK
|
| 082 |
0 |
4 |
|a 863.6
|
| 999 |
f |
f |
|i 530c28cf-7297-58d7-91c4-cf75b1e9c98c
|s c14b068a-e42f-5ca2-a4e8-c5bc516e5178
|
| 952 |
f |
f |
|p Can circulate
|a CAVAL
|b CAVAL
|c CAVAL
|d CARM 1 Store
|e A03128
|f A2:AL01A0
|h Other scheme
|i book
|m 0287016
|